| 000 | 00708nam a22002297a 4500 | ||
|---|---|---|---|
| 999 |
_c7182 _d7182 |
||
| 001 | 7182 | ||
| 003 | BD-JhCC | ||
| 005 | 20180205184959.0 | ||
| 008 | 180205b bg |||| |||| 00| 0 ben d | ||
| 020 | _a984401131X | ||
| 035 | _a(BD-JhCC)7182 | ||
| 040 |
_aBD-JhCC _dBD-JhCC |
||
| 041 | _aben | ||
| 082 |
_a320 _bHAS 1993 |
||
| 100 | _aহাসিনা, শেখ | ||
| 245 |
_aবাংলাদেশে স্বৈরতন্ত্রের জন্ম / _cশেখ হাসিনা |
||
| 260 |
_aঢাকা : _bআগামী প্রকাশনী, _c১৯৯৩. |
||
| 300 |
_a৮৭ পৃ. : _c২২ সেমি. |
||
| 650 | _aAutocracy | ||
| 650 | _aLeadership | ||
| 942 |
_2ddc _cBK |
||